I cena rozhoduje o nákupu. Jedním z předpokladů obchodního úspěchu je také získání stálého zákazníka.

Stanovenie cenovej stratégie v sortimente obuvi. Pochopenie chovania kupujúceho. Citlivosť zákazníka na cenu. Postup stanovenia ceny marketingovým odborníkom: 1. Stanovenie zóny príťažlivosti predajne. 2. Prieskum konkurencie. 3. Prieskum kupujúceho. 4. Test cenovej citlivosti.

Gespeichert in:
Bibliographische Detailangaben
1. Verfasser: Lyková, J.
Format: Buchkapitel
Sprache:Tschechisch
Schlagworte:
Tags: Tag hinzufügen
Keine Tags, Fügen Sie das erste Tag hinzu!

MARC

LEADER 00000naa a2200000 4500
001 r012618
005 20220826094011.7
041 0 |a cze 
044 |a CZ 
245 1 0 |a I cena rozhoduje o nákupu.  |b Jedním z předpokladů obchodního úspěchu je také získání stálého zákazníka.  |c J. Lyková 
520 |a Stanovenie cenovej stratégie v sortimente obuvi. Pochopenie chovania kupujúceho. Citlivosť zákazníka na cenu. Postup stanovenia ceny marketingovým odborníkom: 1. Stanovenie zóny príťažlivosti predajne. 2. Prieskum konkurencie. 3. Prieskum kupujúceho. 4. Test cenovej citlivosti. 
610 2 0 |a ceny 
610 2 0 |a obuv 
610 2 0 |a marketing 
610 2 0 |a zákazníci 
610 2 0 |a výskum trhu 
100 1 |a Lyková, J.